Countries The British Like The Most - Statistics

General Stats
  • This quiz has been taken 55 times
  • The average score is 7 of 9
Answer Stats
Favorability in percentage Country % Correct
79% Australia
94%
72% Spain
92%
80% Canada
88%
69% Italy
86%
80% New Zealand
86%
69% Norway
82%
69% Sweden
82%
68% Denmark
71%
69% Netherlands
63%
No matching quizzes found
Score Distribution
Percent of People with Each Score
Percentile by Number Answered
Your Score History
You have not taken this quiz